000 06321namaa22004571i 4500
003 EG-GICUC
005 20260409125135.0
008 260315s2024 ua a|||frm||| 000 0 eng d
040 _aEG-GICUC
_beng
_cEG-GICUC
_dEG-GICUC
_erda
041 0 _aeng
_beng
_bara
049 _aDeposit
082 0 4 _a616.99481
092 _a616.99481
_221
097 _aM.Sc
099 _aCai01.11.20.M.Sc.2024.Mo.M
100 0 _aMohamed Ahmed Mohamed Qassem,
_epreparation.
245 1 0 _aManagement of inoperable glioblastoma multiforme (GBM) /
_cby Mohamed Ahmed Mohamed Qassem ; Supervision Prof. Dr. Mohamed Hamdy El Sissy, Prof. Dr. Mohamed Amr El-Taieb, Dr. Mohamed Hussein Mohamed Ali, Prof. Dr. Rabab Ahmed Abd El-Minaem.
246 1 5 _aطرق تشخيص و علاج ورم المخ الارومى الدبقي الغير جراحي
264 0 _c2024.
300 _a125 pages :
_billustrations ;
_c25 cm. +
_eCD.
336 _atext
_2rda content
337 _aUnmediated
_2rdamedia
338 _avolume
_2rdacarrier
502 _a Thesis (M.Sc)-Cairo University, 2024.
504 _aBibliography: pages 99-123.
520 3 _aBackground - Glioblastoma (GBM) is a highly malignant brain tumor with poor survival and prognosis. Randomized trials have demonstrated that chemotherapy improves survival in patients with GBM. Aim - to determine inoperable GBM candidates and outcomes of the used modality of treatment. Patients and Methods - In this randomized clinical trial study that was conducted in the period from jan 2023 to feb 2024 on 28 cases with newly diagnosed GBM and not candidates for surgical debulking in Neurosurgery department of kasr El-Aini University Hospital.Daily Temozolamide chemotherapy (75mg/m2×40-49days) is added concomitantly to radiotherapy followed by 6 cycles of maintenance Temozolamide (150-200mg/m2×5/28days) and the outcome of the modality of treatment used was evaluated clinically and radiologically at 3,6,9,12 months of treatment. Results - The t-test analysis revealed high statistically significant difference in lesion regarding pre-treatment lesion volume (p = 0.0001*) and post-treatment lesion volume (p = 0.0001*). The t-test analysis revealed high statistically significant difference in lesion regarding pre-treatment karnofesky score(p = 0.0001*) and post-treatment karnofesky score (p = 0.0001*). There was positive correlation between age and pre-treatment lesion volume and pre-treatment Karnofesky score (r= .941, p <.001), post-treatment lesion volume and post-treatment Karnofesky score. There was positive correlation between post-treatment lesion volume and post-treatment Karnofesky score (r= .885, p < .001) and negative correlation between age and post-treatment Karnofesky score (r = -0.021, p > 0.650). Conclusion – After receiving concomitant adjuvant radiotherapy and chemotherapy our study observed that there was significant decrease in post-treatment lesion volume and post-treatment karnofesky score. There was positive correlation between age and pre-treatment lesion volume and pre-treatment Karnofesky score, post-treatment lesion volume and post-treatment Karnofesky score and negative correlation between age and post-treatment Karnofesky score.
520 3 _aمقدمة: الورم الأرومي الدبقي هو الورم الأساسي الخبيث الأكثر شيوعًا في الجهاز العصبي المركزي، مع تحسن سيئ على الرغم من العديد من العلاجات المتاحة، بما في ذلك الجراحة والعلاج الإشعاعي والعلاج الكيميائي. يعد تقييم الاستجابة للعلاج أمرًا ضروريًا لتحسين نتائج المرضى. الهدف من هذه الدراسة: تهدف دراستنا إلى تحديد المرشحين للورم الأرومي الدبقي غير الصالح للجراحه ونتائج طريقة العلاج المستخدمة. منهجية الدراسة: في دراسة تجريبية سريرية عشوائية أجريت في الفترة من يناير ٢٠٢٣ إلى فبراير ٢٠٢٤ على ٢٨ حالة مصابة بالورم الأرومي الدبقي المشخص حديثًا والذين لم يكونوا مرشحين للاستئصال الجراحي في قسم جراحة المخ والأعصاب بمستشفى جامعة القصر العيني. النتائج: لم يكن هناك فرق كبير بين عمر وجنس المرضى المشمولين في الدراسة. بلغت نسبة أسباب عدم القدرة على الجراحه المتضمنة بين المرضى الذين شملتهم الدراسة ٥ (١٧.٨٥ %) لمناطق المخ البليغه، و١٨ (٦٤.٣٠ %) لرفض الجراحه و٥ (١٧.٨٥ %) لعدم اللياقة البدنية، ولم يكن هناك فرق كبير بين جنس المجموعة. في الختام: لاحظت دراستنا أنه كان هناك انخفاض كبير في حجم الورم بعد العلاج ودرجة كارنوفسكي بعد العلاج. كان هناك ارتباط إيجابي بين العمر وحجم الورم قبل العلاج ودرجة كارنوفسكي قبل العلاج , وحجم الورم بعد العلاج ودرجة كارنوفسكي بعد العلاج ، وارتباط سلبي بين العمر ودرجة كارنوفسكي بعد العلاج.
530 _aIssues also as CD.
546 _aText in English and abstract in Arabic & English.
650 0 _aGlioblastoma multiforme
650 0 _aورم المخ الارومى الدبقي
653 1 _aGBM
_aKarnofesky score
_aMRI
_aRadiotherapy
_achemotherapy
_aتشخيص
_aورم المخ الارومى الدبقي
700 0 _aMohamed Hamdy El Sissy
_ethesis advisor.
700 0 _aMohamed Amr El-Taieb
_ethesis advisor.
700 0 _aMohamed Hussein Mohamed Ali
_ethesis advisor.
700 0 _aRabab Ahmed Abd El-Minaem
_ethesis advisor.
900 _b01-01-2025.
_cMohamed Hamdy El Sissy
_cMohamed Amr El-Taieb
_cMohamed Hussein Mohamed Ali
_cRabab Ahmed Abd El-Minaem
_UCairo University
_FFaculty of Medicine
_DDepartment of Neurosurgery
905 _aShimaa
_eEman Ghareb
942 _2ddc
_cTH
_e21
_n0
999 _c179041